1231 1703 1550 1572 1576 1046 1939 1591 1555 1317 1888 1979 1902 1149 1497 1236 1892 1917 1523 1139 1596 1173 1790 1293 1753 1888 1689 1335 1278 1684 1001 1504 1859 1335 1909 1479 1660 1039 1417 1794 1942 1810 1548 1220 1630 1602 1825 1525 1525 1063 1335 1940 1195 1444 1310 1782 1920 1884 1737 1294 1008 1999 1001 1516 1384 1961 1122 1714 1879 1929 1395 1441 1301 1783 1428 1405 1973 1270 1928 1501 1366 1030 1361 1805 1902 1429 1443 1612 1194 1783 1472 1059 1592 1419 1116 1831 1381 1970 1606 BCNSPRNW ULIB Ver.6.0+V

เปลี่ยนเป็นภาษาไทย

Change to English
 แสดงรายละเอียดบรรณานุกรม
  กลับหน้าหลัก

Brief Record : Get Marc (ISO 2709) : E-mail record : QR code < ปิดหน้าต่าง
LEADER : 00000nam a2200000 a 4500
001    13399126966
003     ULIB
008    190513s2562 th a 000 0 tha d
020    ^a9786164789678
040    ^acl
050  4 ^aPE1116.M44^bท637ภ
100 1  ^aเทย์, จอย
245 10 ^aภาษาอังกฤษทางคลินิก แพทย์ & พยาบาล =^bClinical English /^cJoyTay
246 31 ^aClinical English
250    ^aพิมพ์ครั้งที่ 1
260    ^aกรุงเทพฯ :^bสำนักพิมพ์จุฬาลงกรณ์มหาวิทยาลัย,^c2562
300    ^a303 หน้า :^bภาพประกอบ ;^c21 ซม.
650  4 ^aภาษาอังกฤษ^xบทสนทนาและวลี (สำหรับบุคลากรทางการแพทย์)
650  4 ^aภาษาอังกฤษสำหรับพยาบาล
650  4 ^aภาษาอังกฤษ^xการใช้ภาษา
945    ^p750^l0^i27743
945    ^p750^l0^i27746
945    ^p750^l0^i27742
945    ^p750^l0^i27744
945    ^p750^l0^i27745
945    ^p750^l0^i28048
945    ^p750^l0^i28049
945    ^p750^l0^i28050
945    ^p750^l0^i28051
945    ^p750^l0^i28052
995    ^aกัณชพร จุลอักษร
999    ^aกัณชพร
รายการนี้ยังไม่มีแท็ก
คุณยังไม่ได้ล็อกอิน คุณสามารถมีกิจกรรมร่วมกับเว็บไซต์ได้ แต่ต้องล็อกอินก่อน ::
  ล็อกอิน

รายการสื่อสารสนเทศ

ลำดับที่ ประเภท เลขเรียก/บาร์โค้ด สถานที่ สถานะ
1. หนังสือสำรอง
หนังสือสำรอง
PE1116.M44 ท637ภ ฉ.1 
  Barcode: 27742
ห้องสมุดวิทยาเขตนครสวรรค์
►หนังสือทั่วไป:l:General Books
บนชั้น
2. วิทยาศาสตร์การแพทย์ และสุขภาพ
วิทยาศาสตร์การแพทย์ และสุขภาพ
PE1116.M44 ท637ภ ฉ.10 
  Barcode: 28052
ห้องสมุดวิทยาเขตนครสวรรค์
►หนังสือทั่วไป:l:General Books
บนชั้น
3. วิทยาศาสตร์การแพทย์ และสุขภาพ
วิทยาศาสตร์การแพทย์ และสุขภาพ
PE1116.M44 ท637ภ ฉ.2 
  Barcode: 27743
ห้องสมุดวิทยาเขตนครสวรรค์
►หนังสือทั่วไป:l:General Books
บนชั้น
4. วิทยาศาสตร์การแพทย์ และสุขภาพ
วิทยาศาสตร์การแพทย์ และสุขภาพ
PE1116.M44 ท637ภ ฉ.3 
  Barcode: 27744
ห้องสมุดวิทยาเขตนครสวรรค์
►หนังสือทั่วไป:l:General Books
บนชั้น
5. วิทยาศาสตร์การแพทย์ และสุขภาพ
วิทยาศาสตร์การแพทย์ และสุขภาพ
PE1116.M44 ท637ภ ฉ.4 
  Barcode: 27745
ห้องสมุดวิทยาเขตนครสวรรค์
►หนังสือทั่วไป:l:General Books
บนชั้น
6. วิทยาศาสตร์การแพทย์ และสุขภาพ
วิทยาศาสตร์การแพทย์ และสุขภาพ
PE1116.M44 ท637ภ ฉ.5 
  Barcode: 27746
ห้องสมุดวิทยาเขตนครสวรรค์
►หนังสือทั่วไป:l:General Books
บนชั้น
7. วิทยาศาสตร์การแพทย์ และสุขภาพ
วิทยาศาสตร์การแพทย์ และสุขภาพ
PE1116.M44 ท637ภ ฉ.6 
  Barcode: 28048
ห้องสมุดวิทยาเขตนครสวรรค์
►หนังสือทั่วไป:l:General Books
บนชั้น
8. วิทยาศาสตร์การแพทย์ และสุขภาพ
วิทยาศาสตร์การแพทย์ และสุขภาพ
PE1116.M44 ท637ภ ฉ.7 
  Barcode: 28049
ห้องสมุดวิทยาเขตนครสวรรค์
►หนังสือทั่วไป:l:General Books
บนชั้น
9. วิทยาศาสตร์การแพทย์ และสุขภาพ
วิทยาศาสตร์การแพทย์ และสุขภาพ
PE1116.M44 ท637ภ ฉ.8 
  Barcode: 28050
ห้องสมุดวิทยาเขตนครสวรรค์
►หนังสือทั่วไป:l:General Books
บนชั้น
10. วิทยาศาสตร์การแพทย์ และสุขภาพ
วิทยาศาสตร์การแพทย์ และสุขภาพ
PE1116.M44 ท637ภ ฉ.9 
  Barcode: 28051
ห้องสมุดวิทยาเขตนครสวรรค์
►หนังสือทั่วไป:l:General Books
บนชั้น

รายการใกล้เคียง
    ผู้แต่ง [เทย์, จอย]

    หัวเรื่อง [ภาษาอังกฤษสำหรับพยาบาล]
    หัวเรื่อง [ภาษาอังกฤษ การใช้ภาษา]

BibComment


ยังไม่เคยถูกคอมเมนท์

คอมเมนท์ทรัพยากรรายการนี้
  คอมเมนท์: ภาษาอังกฤษทางคลิ..


 Copyright 2026. Bcnsprnw @Library